The Kid LAROI Charting Songs (Billboard Hot 100) - Statistics

General Stats
  • This quiz has been taken 257 times
    12 since last reset
  • The average score is 9 of 24
Answer Stats
Album Weeks On Peak Artist(s) Song % Correct
F*ck Love 3: Over You 63 Weeks #1 (7 Weeks) The Kid LAROI & Justin Bieber Stay
100%
So Close To What 2 Weeks #43 Tate McRae ft. The Kid LAROI I know love
86%
The First Time 6 Weeks #44 The Kid LAROI, Jungkook & Central Cee Too Much
86%
Fuck Love (Savage) 38 Weeks #8 The Kid LAROI Without You
86%
The First Time 1 Week #96 The Kid LAROI Bleed
71%
Non-Album Single 7 Weeks #51 The Kid LAROI Girls
71%
Fuck Love 5 Weeks #52 The Kid LAROI & Juice WRLD GO!
71%
Legends Never Die 7 Weeks #10 Juice WRLD & Marshmello ft. Polo G & The Kid LAROI Hate the Other Side
57%
The First Time 20 Weeks #47 The Kid LAROI Nights Like This
57%
BEFORE I FORGET 1 Week #77 The Kid LAROI ft. Lithe RATHER BE
43%
Non-Album Single 15 Weeks #15 The Kid LAROI Thousand Miles
43%
The First Time 3 Weeks #89 The Kid LAROI Baby, I'm Back
29%
Hall of Fame 2 Weeks #26 Polo G ft. The Kid LAROI & Lil Durk No Return
29%
F*ck Love 3: Over You 3 Weeks #41 The Kid LAROI ft. Polo G & Stunna Gambino Not Sober
29%
Different Night Same Rodeo 1 Week #86 Bailey Zimmerman & The Kid LAROI Lost
14%
Non-Album Single 2 Weeks #89 The Kid LAROI & Juice WRLD Reminds Me of You
14%
Fuck Love (Savage) 15 Weeks #59 The Kid LAROI SO DONE
14%
Twelve Carat Toothache 1 Week #54 Post Malone & The Kid LAROI Wasting Angels
14%
Fuck Love (Savage) 1 Week #83 The Kid LAROI Always Do
0%
Fuck Love (Savage) 1 Week #99 The Kid LAROI ft. Machine Gun Kelly Fuck You, Goodbye
0%
The First Time 12 Weeks #40 The Kid LAROI Love Again
0%
F*ck Love 3: Over You 1 Week #100 The Kid LAROI ft. Mustard Still Chose You
0%
Fuck Love (Savage) 1 Week #76 The Kid LAROI ft. YoungBoy Never Broke Again & Internet Money Tragic
0%
Justice 1 Week #62 Justin Bieber ft. The Kid LAROI Unstable
0%
No matching quizzes found
Score Distribution
Percent of People with Each Score
Percentile by Number Answered
Your Score History
You have not taken this quiz since the last reset